[Event "Rheinland Pfalz op 7th"]
[Site "Frankenthal"]
[Date "2015.06.07"]
[Round "7"]
[White "Klein, Volkmar"]
[Black "Thome, Patrick"]
[Result "1-0"]
[WhiteElo "2016"]
[BlackElo "1506"]
[PlyCount "29"]
[EventDate "2015.06.04"]
[EventType "swiss"]
[EventRounds "7"]
[EventCountry "GER"]
[SourceTitle "EXT 2017"]
[Source "ChessBase"]
[SourceDate "2016.10.25"]
[SourceVersion "1"]
[SourceVersionDate "2016.10.25"]
[SourceQuality "1"]

1. c4 Nf6 2. Nc3 g6 3. g3 Bg7 4. Bg2 c5 5. Nf3 d6 6. d4 Nfd7 7. 0-0 0-0 8. e4 cxd4 9. Nxd4 Qc7 10. Be3 Qxc4 11. Nd5 Na6 12. b3 Qc5 13. Nxe7+ Kh8 14. Ndf5 Qe5 15. Bd4 1-0

[Event "Pfalz-ch 75th"]
[Site "Kaiserslautern"]
[Date "2006.04.14"]
[Round "6"]
[White "Scholz, Herbert"]
[Black "Klein, Volkmar"]
[Result "1/2-1/2"]
[WhiteElo "1748"]
[BlackElo "1928"]
[PlyCount "30"]
[EventDate "2006.04.07"]
[EventType "swiss"]
[EventRounds "7"]
[EventCountry "GER"]
[SourceTitle "EXT 2007"]
[Source "ChessBase"]
[SourceDate "2006.11.23"]
[SourceVersion "1"]
[SourceVersionDate "2006.11.23"]
[SourceQuality "1"]

1. d4 Nf6 2. Bg5 d5 3. e3 e6 4. Bd3 Be7 5. c4 h6 6. Bh4 dxc4 7. Bxc4 Nd5 8. Bg3 c5 9. Ne2 Nc6 10. 0-0 0-0 11. Nbc3 cxd4 12. Nxd4 Nxd4 13. Qxd4 Nb6 14. Bb3 Qxd4 15. exd4 Bd7 1/2-1/2